| 000 | 01188cab a22002175a 4500 | ||
|---|---|---|---|
| 001 | L141396 | ||
| 008 | 071121e20071117xxk f s 000 0 eng d | ||
| 035 | _a(Sirsi) u141396 | ||
| 041 | 0 | _aeng | |
| 110 | 2 |
_aEstates Gazette _9298 |
|
| 240 | 0 |
_aIPF forecast survey _bOctober 2007 |
|
| 245 | 0 | 0 | _aConfidence drops off a cliff |
| 260 | _c2007 | ||
| 490 |
_aEstates Gazette _v(0746) 17 November 2007, 58-59(2) |
||
| 520 | _aIPF forecast survey for 2007 reveals that total return expectations for 2007 have fallen from 8.1% in the previous quarter to 1.8%. Expectations of capital growth are greatly reduced, having turned negative for all sectors in 2008. Rental growth figures are also revised downwards for in 2008. Market correction which had been forecast for 2009 is now expected sooner and to be sharper. Returns for 2008 are now more expected to be more affected. Expectations for 2009 are now more positive. Inflation remains a concern, but another interest rate rise before 2008 now seems unlikely. | ||
| 590 | _aKA | ||
| 650 | 2 | 4 | _aIPF CONSENSUS FORECAST SURVEY |
| 651 | 4 |
_aUnited Kingdom _y |
|
| 690 | _aPROPERTY-COMMERCIAL PROPERTY-COMMERCIAL PROPERTY MARKET | ||
| 942 | _n0 | ||
| 999 |
_c79480 _d79480 |
||